Toronto Landmarks by Picture - Statistics

General Stats
  • This quiz has been taken 468 times
  • The average score is 9 of 12
Answer Stats
Picture Answer % Correct
CN Tower
100%
Roger's Centre
85%
Casa Loma
84%
Royal Ontario Museum
84%
Union Station
84%
Toronto City Hall
80%
Yonge-Dundas Square
73%
Nathan Phillips Square
72%
Ontario Legislative Building
67%
Ontario Place
64%
High Park
39%
Gooderham Building
19%
No matching quizzes found
Score Distribution
Percent of People with Each Score
Percentile by Number Answered
Your Score History
You have not taken this quiz